=LDR 00000nam 2200000 4500 =001 INLIS000000000025606 =005 20130612124113 =008 ***********************************Ind** =035 ##$$0010-061300000025606 =041 ##$$a Ind =082 ##$$a 495 =090 ##$$a 495, Man p =100 ##$$a Mangunswito =245 ##$$a Panduan membaca dan menulis Hiragana, Mangunswito =260 ##$$a 2001 $b Bandung =300 ##$$a 128 hlm, ilus, 21 cm =650 ##$$a Seni Hiragama =850 ##$$a NBPNMAT =990 ##$$a 0001/BPAP-NTB/20142014 =990 ##$$a 0001/BPAP-NTB/20142014